书目信息 |
| 题名: |
四朝闻见录
|
|
| 作者: | 叶绍翁 撰 ;沈锡麟 , 冯惠民 点校 | |
| 分册: | ||
| 出版信息: | 北京 中华书局 1989.2 |
|
| 页数: | 228页 | |
| 开本: | 19cm | |
| 丛书名: | 唐宋史料笔记丛刊 | |
| 单 册: | ||
| 中图分类: | K245.06 | |
| 科图分类: | ||
| 主题词: | 中国--历史 | |
| 电子资源: | ||
| ISBN: | 7-101-00489-X | |
| 000 | 00942nam0 2200265 45 | |
| 001 | 0190013167 | |
| 005 | 20051201110540.87 | |
| 010 | @a7-101-00489-X@dCNY3.20 | |
| 100 | @a19921222d1989 ekmy0chiy0121 ea | |
| 101 | 0 | @achi |
| 102 | @aCN@b110000 | |
| 105 | @ay z 000yy | |
| 200 | 10 | @a四朝闻见录@ASI CHAO WEN JIAN LU@f(宋)叶绍翁撰@F( SONG ) YE SHAO WENG ZHUAN@g沈锡麟,冯惠民点校 |
| 210 | @a北京@c中华书局@d1989.2 | |
| 215 | @a228页@d19cm | |
| 225 | 2 | @a唐宋史料笔记丛刊 |
| 330 | @a本书分为甲乙丙丁戊五集,记南宋高宗、孝宗、光宗、宁宗四朝事,多为作者亲历耳闻。特别是丁集,专记宁宗爱禅和庆元党禁事,颇可与史参证、并补史之未祥。故本书向有“足以备史官、补放史”之誉。 | |
| 410 | 0 | @120010@a唐宋史料笔记丛刊 |
| 606 | 0 | @a中国@x历史 |
| 690 | @aK245.06 | |
| 701 | 0 | @a叶绍翁@AYE SHAO WENG@4撰 |
| 702 | 0 | @a沈锡麟@ASHEN XI LIN@4点校 |
| 702 | 0 | @a冯惠民@AFENG HUI MIN@4点校 |
| 801 | 0 | @aCN@bNLC@c20051201 |
| 905 | @f1@b221581@dK245.06@e3 | |
| 四朝闻见录/(宋)叶绍翁撰/沈锡麟,冯惠民点校.-北京:中华书局,1989.2 |
| 228页;19cm.-(唐宋史料笔记丛刊) |
| ISBN 7-101-00489-X:CNY3.20 |
| 本书分为甲乙丙丁戊五集,记南宋高宗、孝宗、光宗、宁宗四朝事,多为作者亲历耳闻。特别是丁集,专记宁宗爱禅和庆元党禁事,颇可与史参证、并补史之未祥。故本书向有“足以备史官、补放史”之誉。 |
| ● |
| 相关链接 |
|
|
|
|
正题名:四朝闻见录
索取号:K245.06/3
 
预约/预借
| 序号 | 登录号 | 条形码 | 馆藏地/架位号 | 状态 | 备注 |
| 1 | 0221581 | 000642941 | 第二借阅区/ [索取号:K245.06/3] | 在馆 | |
| 2 | 0221582 | 202162444 | 密集书库/ [索取号:K245.06/3] | 在馆 | |
| 3 | 0221583 | 000642932 | 第二样本阅览室/ [索取号:K245.06/3] | 在馆 |